Central Library OPAC University of Rajshahi

Studies on the quality bulb production of onion through Management Practices / (Record no. 75746)

MARC details
000 -LEADER
fixed length control field 00953ntm a2200253 a 4500
001 - CONTROL NUMBER
control field 75746
003 - CONTROL NUMBER IDENTIFIER
rucl marc code BD-RjUL
005 - DATE AND TIME OF LATEST TRANSACTION
control field 20211209082733.0
008 - FIXED-LENGTH DATA ELEMENTS--GENERAL INFORMATION
fixed length control field 190626s2015 bg a|||| bm|| 00| 0 eng d
035 ## - SYSTEM CONTROL NUMBER
System control number (BD-RjUL)75965
040 ## - CATALOGING SOURCE
Original cataloging agency BD-RjUL
Language of cataloging eng
Transcribing agency BD-RjUL
Modifying agency BD-RjUL
041 ## - LANGUAGE CODE
Language code of text/sound track or separate title eng
082 ## - DEWEY DECIMAL CLASSIFICATION NUMBER
Edition number 23
Classification number 635.2526
Author mark and year HYS 2015
100 1# - MAIN ENTRY--PERSONAL NAME
Personal name Hye, Md. Abdul
9 (RLIN) 232057
245 10 - TITLE STATEMENT
Title Studies on the quality bulb production of onion through Management Practices /
Statement of responsibility, etc. by Md. Abdul Hye ;
Linkage Supervisor: Md. Kawser Ali
260 ## - PUBLICATION, DISTRIBUTION, ETC. (IMPRINT)
Place of publication, distribution, etc. Rajshahi :
Name of publisher, distributor, etc. Department of Crop Science and Tecnology, University of Rajshahi,
Date of publication, distribution, etc. 2015
300 ## - PHYSICAL DESCRIPTION
Pagination [4], xiii, 200 leaves :
Illustrations Ill. ;
Size 29 cm.
502 ## - DISSERTATION NOTE
Dissertation note Thesis (Ph. D.) -- Department of Crop Science and Tecnology, University of Rajshahi, 2015
504 ## - BIBLIOGRAPHY, ETC. NOTE
Bibliography, etc References: Leaves 171-195
Bibliography, etc Reports: leaf 218
650 ## - SUBJECT ADDED ENTRY--TOPICAL TERM
Topical term or geographic name as entry element Onion
General subdivision Research
9 (RLIN) 232058
700 ## - ADDED ENTRY--PERSONAL NAME
Personal name Ali, Md. Kawser, Supervisor
942 ## - ADDED ENTRY ELEMENTS (KOHA)
Source of classification or shelving scheme Dewey Decimal Classification
Koha item type Theses
Holdings
Lost status Source of classification or shelving scheme Damaged status Not for loan Collection code Permanent Location Current Location Shelving location Date acquired Source of acquisition Total Checkouts Full call number Date last seen Copy number Koha item type
  Dewey Decimal Classification   Not For Loan Theses Central Library, University of Rajshahi Central Library, University of Rajshahi Documentation Section 03/01/2018 Controller of Examination Office, R. U.   THE 635.2526 HYS 2015 26/06/2019 C-1 Theses